000 00509nam a22001817a 4500
003 OSt
005 20231011110440.0
008 231011b |||||||| |||| 00| 0 eng d
020 _a9780415332835
040 _cDDC.
082 _a338.9ALL 2019.
100 _aAllouche,jeremy;middleton,Carl;Gyawali;
_916737
245 _aThe water-food-energy nexus: Power, Politics,Justice;
260 _aNew York,
_bRoutledge.
_c2019.
300 _a139p;
_bill,
_c25cm.
504 _aReferences,index.
942 _2ddc
_cO_SHELF
999 _c8199
_d8199